000 00521nam a2200157Ia 4500
008 240729s9999 xx 000 0 und d
022 _a2537-530X
245 0 _aAnalele Universităţii "Constantin Brâncuşi" din Târgu Jiu: Seria Inginerie
260 _aRomania
260 _bEditura Academica Brâncuşi
650 _a Engineering (General). Civil engineering (General)
650 _aTechnology
856 _uhttps://doaj.org/toc/a376ffc8eddf4116bd7cb81b55a3ce76
942 _2ddc
942 _cDOAJEJ
999 _c72206
_d72206
945 _a1
_bMadushi Gamage
_c1
_dMadushi Gamage